Diego y Frida (Record no. 66452)

MARC details
000 -LEADER
campo de control de longitud fija 00858nam a2200253 i 4500
001 - NÚMERO DE CONTROL
campo de control 66452
003 - IDENTIFICADOR DE NÚMERO DE CONTROL
campo de control ES-MaACL
005 - FECHA Y HORA DE LA ÚLTIMA TRANSACCIÓN
campo de control 20260526180131.0
007 - CAMPO FIJO DE DESCRIPCIÓN FÍSICA--INFORMACIÓN GENERAL
campo de control de longitud fija t|
008 - DATOS DE LONGITUD FIJA--INFORMACIÓN GENERAL
campo de control de longitud fija 950201s2002 sp |||| |dspa d
020 ## - NÚMERO INTERNACIONAL ESTÁNDAR DEL LIBRO
Número Internacional Estándar del Libro 84-8460-218-4
080 ## - NÚMERO DE LA CLASIFICACIÓN DECIMAL UNIVERSAL
Número de la Clasificación Decimal Universal 929 Rivera, Diego
080 ## - NÚMERO DE LA CLASIFICACIÓN DECIMAL UNIVERSAL
Número de la Clasificación Decimal Universal 929 Kahlo, Frida
100 1# - ENTRADA PRINCIPAL--NOMBRE DE PERSONA
Nombre de persona Le Clézio, Jean-Marie Gustave.
9 (RLIN) 148063
245 10 - MENCIÓN DEL TÍTULO
Título Diego y Frida
Resto del título : una gran historia de amor en tiempos de la revolución /
Mención de responsabilidad, etc. J.M.G. Le Clézio ; [traducción, Mauro Armiño].
250 ## - MENCION DE EDICION
Mención de edición 2ª ed. española.
260 ## - PUBLICACIÓN, DISTRIBUCIÓN, ETC.
Lugar de publicación, distribución, etc. Madrid :
Nombre del editor, distribuidor, etc. Temas de Hoy,
Fecha de publicación, distribución, etc. 2002.
300 ## - DESCRIPCIÓN FÍSICA
Extensión 268 p., [8] h. de lám. :
Otras características físicas fot. ;
Dimensiones 21 cm.
600 14 - PUNTO DE ACCESO ADICIONAL DE MATERIA--NOMBRE DE PERSONA
Nombre de persona Rivera, Diego,
Fechas asociadas al nombre 1886-1957
9 (RLIN) 97610
600 10 - PUNTO DE ACCESO ADICIONAL DE MATERIA--NOMBRE DE PERSONA
Nombre de persona Kahlo, Frida,
Fechas asociadas al nombre 1907-1954
9 (RLIN) 243138
700 0# - ENTRADA AGREGADA--NOMBRE PERSONAL
Nombre de persona Armiño, Mauro,
Fechas asociadas al nombre 1944-
9 (RLIN) 22987
852 ## - LOCALIZACIÓN
Ubicación ES-MaACL
Número de control de estantería L-26912
Holdings
Estatus retirado Estado de pérdida Estado de daño No para préstamo Biblioteca de origen Biblioteca actual Ubicación en estantería Fecha de adquisición Fuente de adquisición Total de préstamos Signatura topográfica completa Código de barras Visto por última vez Precio de reemplazo Tipo de ítem Koha
        Biblioteca del Ateneo de Madrid Biblioteca del Ateneo de Madrid Depósito 2 17/01/2008     L-26912 1069614 23/02/2023 23/02/2023 Libro impreso